[Event "Moehnesee Cup 36th"]
[Site "Moehnesee"]
[Date "2010.08.27"]
[Round "2"]
[White "Friesen, Viktor"]
[Black "Wanzek, Daniel"]
[Result "1-0"]
[WhiteElo "2063"]
[BlackElo "2231"]
[PlyCount "59"]
[EventDate "2010.08.26"]
[EventType "swiss"]
[EventRounds "7"]
[EventCountry "GER"]
[SourceTitle "EXT 2011"]
[Source "ChessBase"]
[SourceDate "2010.11.26"]
[SourceVersion "1"]
[SourceVersionDate "2010.11.26"]
[SourceQuality "1"]

1. Nf3 Nc6 2. d4 d5 3. g3 Bg4 4. Bg2 e6 5. 0-0 Nf6 6. b3 Bd6 7. Nbd2 e5 8. dxe5 Nxe5 9. Bb2 Qe7 10. Nxe5 Bxe5 11. Bxe5 Qxe5 12. h3 Bh5 13. Nf3 Bxf3 14. Bxf3 0-0-0 15. e3 Kb8 16. Kg2 h5 17. Qd4 Qf5 18. Qf4 Qe6 19. h4 Ng4 20. Bxg4 hxg4 21. Rad1 Rd6 22. Rd4 f5 23. Rfd1 Rhd8 24. Qg5 Qe5 25. Rf4 Rf8 26. Qxg4 Rc6 27. Qf3 Rxc2 28. Rxd5 Qb2 29. Rfxf5 Rxf5 30. Rd8# 1-0

[Event "Moehnesee Cup 36th"]
[Site "Moehnesee"]
[Date "2010.08.27"]
[Round "3"]
[White "Wanzek, Daniel"]
[Black "Thanabalasingam, Ajandhan"]
[Result "1-0"]
[WhiteElo "2231"]
[BlackElo "1940"]
[PlyCount "67"]
[EventDate "2010.08.26"]
[EventType "swiss"]
[EventRounds "7"]
[EventCountry "GER"]
[SourceTitle "EXT 2011"]
[Source "ChessBase"]
[SourceDate "2010.11.26"]
[SourceVersion "1"]
[SourceVersionDate "2010.11.26"]
[SourceQuality "1"]

1. e4 c5 2. Nc3 d6 3. g3 g6 4. Bg2 Bg7 5. d3 Nc6 6. f4 e6 7. Nf3 Nge7 8. 0-0 0-0 9. Be3 b6 10. d4 cxd4 11. Nxd4 Ba6 12. Rf2 Na5 13. f5 Nc4 14. Bc1 e5 15. f6 Bxf6 16. Rxf6 exd4 17. Qxd4 Nc6 18. Qf2 N6e5 19. h3 Kg7 20. Nd5 Bb7 21. b3 Bxd5 22. exd5 Na5 23. Bf4 Nb7 24. Rf1 Qd7 25. Bxe5 dxe5 26. d6 Rad8 27. Qe3 Nxd6 28. Qxe5 Kg8 29. Rd1 Nc4 30. Rxd7 Nxe5 31. Rxa7 Rd1+ 32. Rf1 Rfd8 33. Re7 f6 34. Re6 1-0

[Event "Apolda op 16th"]
[Site "Apolda"]
[Date "2007.08.26"]
[Round "6"]
[White "Wanzek, Daniel"]
[Black "Wichmann, Cliff"]
[Result "0-1"]
[WhiteElo "2147"]
[BlackElo "2401"]
[PlyCount "110"]
[EventDate "2007.08.23"]
[EventType "swiss"]
[EventRounds "7"]
[EventCountry "GER"]
[SourceTitle "CBM 120 Extra"]
[Source "ChessBase"]
[SourceDate "2007.11.01"]
[SourceVersion "1"]
[SourceVersionDate "2007.11.01"]
[SourceQuality "1"]

1. e4 e6 2. d4 d5 3. e5 c5 4. Qg4 Qa5+ 5. Bd2 Qb6 6. Nc3 h5 7. dxc5 Qxc5 8. Qg5 Bd7 9. Nf3 Qe7 10. Qe3 a6 11. Bd3 Nc6 12. a3 Qd8 13. 0-0 Be7 14. Rfe1 g5 15. Ne2 g4 16. Nfd4 Qc7 17. Nxc6 bxc6 18. c4 Nh6 19. cxd5 cxd5 20. Rac1 Qb7 21. Rc3 Rc8 22. Rxc8+ Bxc8 23. Rc1 Bd7 24. Bb4 Ng8 25. Bd6 Bd8 26. Qc5 Ne7 27. Bxe7 Bxe7 28. Qa5 0-0 29. Qd2 Kg7 30. Ng3 Rh8 31. Qe2 Bb5 32. b4 Bg5 33. Rc5 Be7 34. Rc1 Bxd3 35. Qxd3 Bg5 36. Rc5 Be7 37. Rc1 Bg5 38. Rc5 Be7 39. Rc1 Qb5 40. Qd4 a5 41. Rc7 Bd8 42. Rc8 Qd7 43. Rc1 axb4 44. axb4 Kh6 45. Ra1 Kg7 46. Ra7 Qe8 47. Qf4 Kg6 48. Qd4 Bg5 49. Ne2 Qc6 50. Nf4+ Kg7 51. Qc5 Rc8 52. Nd3 Qe8 53. Qb6 Rc3 54. Qd4 Qc6 55. g3 Qc4 0-1

[Event "Oberliga Ost-A 0304"]
[Site "Germany"]
[Date "2004.04.25"]
[Round "11.5"]
[White "Wanzek, Daniel"]
[Black "Roemling, Sven"]
[Result "0-1"]
[WhiteElo "2160"]
[BlackElo "2173"]
[PlyCount "154"]
[EventDate "2003.11.02"]
[EventType "team-tourn"]
[EventRounds "11"]
[EventCountry "GER"]
[SourceTitle "EXT 2005"]
[Source "ChessBase"]
[SourceDate "2004.11.15"]
[SourceVersion "1"]
[SourceVersionDate "2004.11.15"]
[SourceQuality "1"]
[WhiteTeam "Naumburg"]
[BlackTeam "Leipzig Lok"]
[WhiteTeamCountry "GER"]
[BlackTeamCountry "GER"]

1. e4 c5 2. Nc3 e6 3. g3 Nc6 4. Bg2 Nf6 5. f4 d5 6. e5 Nd7 7. d3 Be7 8. Nf3 0-0 9. 0-0 Rb8 10. Ne2 Qc7 11. g4 f6 12. exf6 Nxf6 13. h3 Bd6 14. Nh4 Bd7 15. f5 Ne7 16. fxe6 Bxe6 17. Nf4 Bf7 18. c3 Rbe8 19. g5 Nd7 20. d4 cxd4 21. cxd4 Nb6 22. Qg4 Qc8 23. Qxc8 Rxc8 24. b3 Be8 25. Be3 Bb5 26. Rf2 Rc3 27. Ne6 Rxf2 28. Bxf2 Bd7 29. Re1 Rc2 30. a4 Bc8 31. Nc5 Nd7 32. Bxd5+ Nxd5 33. Re8+ Kf7 34. Rxc8 Bxc5 35. dxc5 Nf4 36. Be3 Nxh3+ 37. Kf1 Ne5 38. Rc7+ Ke6 39. Rxb7 Ng4 40. Ng2 Nh2+ 41. Ke1 Rxg2 42. Rxg7 Nxg5 43. Rxa7 Ngf3+ 44. Kd1 Ng4 45. Bf4 Nd4 46. Rxh7 Rf2 47. Bd2 Nxb3 48. Bc3 Ne3+ 49. Ke1 Rc2 50. Rh3 Rxc3 51. Ke2 Nc1+ 52. Kf3 Nd5+ 53. Kg4 Rc4+ 54. Kg5 Rxc5 55. Ra3 Ra5 56. Kg4 Ne2 57. Kf3 Nec3 58. Kg4 Ke5 59. Kg3 Nxa4 60. Kf3 Kd4 61. Kg4 Ndc3 62. Kf4 Rh5 63. Kg4 Rh1 64. Rb3 Nc5 65. Rb4+ Ke5 66. Rb8 Rf1 67. Re8+ Ne6 68. Kg3 Ne4+ 69. Kg2 Rf2+ 70. Kg1 Ra2 71. Kh1 N4g5 72. Re7 Kf4 73. Kg1 Kf3 74. Rb7 Nd4 75. Rb1 Ne2+ 76. Kf1 Ne4 77. Ke1 N2c3 0-1

[Event "Oberliga Ost-A 0304"]
[Site "Germany"]
[Date "2004.01.18"]
[Round "5.7"]
[White "Wanzek, Daniel"]
[Black "Pichler, Manfred"]
[Result "0-1"]
[WhiteElo "2160"]
[BlackElo "2100"]
[PlyCount "74"]
[EventDate "2003.11.02"]
[EventType "team-tourn"]
[EventRounds "11"]
[EventCountry "GER"]
[SourceTitle "EXT 2005"]
[Source "ChessBase"]
[SourceDate "2004.11.15"]
[SourceVersion "1"]
[SourceVersionDate "2004.11.15"]
[SourceQuality "1"]
[WhiteTeam "Naumburg"]
[BlackTeam "Halle USV"]
[WhiteTeamCountry "GER"]
[BlackTeamCountry "GER"]

1. e4 d5 2. exd5 Nf6 3. c4 c6 4. d4 cxd5 5. Nc3 e6 6. c5 Be7 7. Nf3 0-0 8. Rb1 b6 9. b4 a5 10. a3 axb4 11. axb4 bxc5 12. bxc5 Nc6 13. Bb5 Qc7 14. Qe2 Bd7 15. 0-0 Rfb8 16. g3 Re8 17. Bf4 Qa5 18. Bd2 Qa7 19. Bxc6 Bxc6 20. Ne5 Rec8 21. Rb6 Be8 22. Rfb1 Rc7 23. Bf4 Bd8 24. Nb5 Bxb5 25. Qxb5 Qa2 26. Rb8 Rc8 27. Rb7 Rc7 28. Nc6 Rxb7 29. Qxb7 Ne4 30. Rb2 Qa1+ 31. Kg2 g5 32. Be5 Bf6 33. Bxf6 Nxf6 34. Ne7+ Kg7 35. c6 Ra7 36. c7 Rxb7 37. Rxb7 Qe1 0-1

[Event "Oberliga Ost-A 0304"]
[Site "Germany"]
[Date "2003.12.14"]
[Round "4.6"]
[White "Schramm, Torsten"]
[Black "Wanzek, Daniel"]
[Result "1-0"]
[WhiteElo "2180"]
[BlackElo "2160"]
[PlyCount "79"]
[EventDate "2003.11.02"]
[EventType "team-tourn"]
[EventRounds "11"]
[EventCountry "GER"]
[SourceTitle "EXT 2005"]
[Source "ChessBase"]
[SourceDate "2004.11.15"]
[SourceVersion "1"]
[SourceVersionDate "2004.11.15"]
[SourceQuality "1"]
[WhiteTeam "Aue Nickelhuette"]
[BlackTeam "Naumburg"]
[WhiteTeamCountry "GER"]
[BlackTeamCountry "GER"]

1. Nf3 Nc6 2. g3 e5 3. d3 g6 4. Bg2 Bg7 5. 0-0 d6 6. c3 f5 7. e4 fxe4 8. dxe4 Nf6 9. Qc2 0-0 10. Na3 Nh5 11. Bg5 Qe8 12. Nb5 Rf7 13. Be3 a6 14. Na3 h6 15. Nh4 Bf6 16. Nf3 g5 17. Ne1 Bg7 18. Qe2 Rf8 19. Nec2 Qg6 20. Bd2 Be6 21. Ne3 Ne7 22. Nd5 Nxd5 23. exd5 Bd7 24. Be4 Qf7 25. c4 Nf6 26. Bg2 Rae8 27. Nc2 Bg4 28. f3 Bd7 29. Bc3 c6 30. dxc6 bxc6 31. Rad1 Be6 32. b3 Rd8 33. Bb4 Qc7 34. Qd2 Ne8 35. Ba5 Qa7+ 36. Qf2 Qxf2+ 37. Rxf2 Rd7 38. Rfd2 d5 39. Nb4 d4 40. Nxc6 1-0

[Event "Oberliga Ost-A 0304"]
[Site "Germany"]
[Date "2003.11.23"]
[Round "3.6"]
[White "Wanzek, Daniel"]
[Black "Held, Marco"]
[Result "1/2-1/2"]
[WhiteElo "2160"]
[BlackElo "2034"]
[PlyCount "24"]
[EventDate "2003.11.02"]
[EventType "team-tourn"]
[EventRounds "11"]
[EventCountry "GER"]
[SourceTitle "EXT 2005"]
[Source "ChessBase"]
[SourceDate "2004.11.15"]
[SourceVersion "1"]
[SourceVersionDate "2004.11.15"]
[SourceQuality "1"]
[WhiteTeam "Naumburg"]
[BlackTeam "Dresden SC II"]
[WhiteTeamCountry "GER"]
[BlackTeamCountry "GER"]

1. e4 d5 2. exd5 Qxd5 3. Nc3 Qa5 4. d4 Nf6 5. Bc4 c6 6. Nge2 Bg4 7. f3 Bh5 8. Ng3 e6 9. Qe2 Bb4 10. Bd2 0-0 11. a3 Bg6 12. Nge4 Nd5 1/2-1/2

[Event "Oberliga Ost-A 0304"]
[Site "Germany"]
[Date "2003.11.22"]
[Round "2.5"]
[White "Wanzek, Daniel"]
[Black "Piotraschke, Jens"]
[Result "1/2-1/2"]
[WhiteElo "2160"]
[BlackElo "2219"]
[PlyCount "45"]
[EventDate "2003.11.02"]
[EventType "team-tourn"]
[EventRounds "11"]
[EventCountry "GER"]
[SourceTitle "EXT 2005"]
[Source "ChessBase"]
[SourceDate "2004.11.15"]
[SourceVersion "1"]
[SourceVersionDate "2004.11.15"]
[SourceQuality "1"]
[WhiteTeam "Naumburg"]
[BlackTeam "Coswig"]
[WhiteTeamCountry "GER"]
[BlackTeamCountry "GER"]

1. e4 c6 2. d4 d5 3. exd5 cxd5 4. c4 Nf6 5. Nc3 g6 6. Qb3 Bg7 7. cxd5 0-0 8. Nge2 Nbd7 9. g3 Nb6 10. Bg2 Bf5 11. Nf4 g5 12. Nfe2 h6 13. h4 g4 14. Nf4 Rc8 15. 0-0 Qd7 16. a4 Nc4 17. a5 Nd6 18. Re1 Rfe8 19. Bd2 Qc7 20. Bc1 Qd7 21. Re3 Rc7 22. Re2 Rec8 23. Be3 1/2-1/2

[Event "Oberliga Ost-A 0203"]
[Site "Germany"]
[Date "2002.12.15"]
[Round "4.5"]
[White "Wanzek, Daniel"]
[Black "Birke, Andreas"]
[Result "0-1"]
[WhiteElo "2134"]
[BlackElo "2213"]
[PlyCount "72"]
[EventDate "2002.10.20"]
[EventType "team"]
[EventRounds "11"]
[EventCountry "GER"]
[SourceTitle "EXT 2004"]
[Source "ChessBase"]
[SourceDate "2003.11.25"]
[SourceVersion "1"]
[SourceVersionDate "2003.11.25"]
[SourceQuality "1"]
[WhiteTeam "Naumburg"]
[BlackTeam "Liebschwitz"]
[WhiteTeamCountry "GER"]
[BlackTeamCountry "GER"]

1. e4 c5 2. Nc3 Nc6 3. g3 g6 4. Bg2 Bg7 5. d3 d6 6. f4 Bd7 7. Nf3 Nf6 8. 0-0 Nd4 9. e5 dxe5 10. Nxe5 Qc7 11. Nxd7 Qxd7 12. Ne4 Rc8 13. c3 Nf5 14. g4 Nh4 15. Nxf6+ Bxf6 16. Be4 h5 17. h3 hxg4 18. hxg4 Bg7 19. f5 Qd6 20. Bf4 Be5 21. Qd2 gxf5 22. gxf5 Kd7 23. Rf2 Rcg8+ 24. Kf1 Nf3 25. Bxf3 Bxf4 26. Qe2 Bg3 27. Rg2 Rh1+ 28. Rg1 Rxg1+ 29. Kxg1 Bh2+ 30. Kh1 Bf4 31. f6 Qxf6 32. Bg4+ e6 33. Bh3 Qh4 34. Qf3 Rg3 35. Qxb7+ Bc7 36. Qb5+ Kd8 0-1

[Event "Strausberg Weihnachts op"]
[Site "Strausberg"]
[Date "2001.12.30"]
[Round "7.1"]
[White "Muse, Drazen"]
[Black "Wanzek, Daniel"]
[Result "1-0"]
[WhiteElo "2415"]
[BlackElo "2132"]
[PlyCount "79"]
[EventDate "2001.12.27"]
[EventType "swiss"]
[EventRounds "7"]
[EventCountry "GER"]
[SourceTitle "EXT 2003"]
[Source "ChessBase"]
[SourceDate "2002.11.25"]
[SourceVersion "1"]
[SourceVersionDate "2002.11.25"]
[SourceQuality "1"]

1. Nf3 Nc6 2. d4 d5 3. c4 e5 4. dxe5 Bb4+ 5. Bd2 dxc4 6. Qa4 Qe7 7. a3 Bxd2+ 8. Nbxd2 Bd7 9. Qxc4 Nxe5 10. Nxe5 Qxe5 11. Qe4 Qxe4 12. Nxe4 Bc6 13. Ng3 0-0-0 14. f3 Nh6 15. Rd1 Rxd1+ 16. Kxd1 Ba4+ 17. Ke1 Rd8 18. Nh5 Rd1+ 19. Kf2 Rb1 20. b4 Ra1 21. g4 Rxa3 22. Nxg7 Bd7 23. Nh5 Rb3 24. Nf6 Rxb4 25. g5 Nf5 26. Nxd7 Kxd7 27. Bh3 Ke6 28. Rc1 Rh4 29. Kg2 Rxh3 30. Kxh3 c6 31. e4 Nd4 32. Kg4 a5 33. Rc4 Nb3 34. h4 c5 35. h5 b5 36. Rc2 b4 37. f4 Nd4 38. Rxc5 a4 39. f5+ Ke7 40. Rc4 1-0

[Event "Oberliga Nord N 0102"]
[Site "Germany"]
[Date "2001.11.25"]
[Round "3.4"]
[White "Wanzek, Daniel"]
[Black "Ritscher, Jan Paul"]
[Result "0-1"]
[WhiteElo "2130"]
[BlackElo "2240"]
[PlyCount "66"]
[EventDate "2001.10.07"]
[EventType "team"]
[EventRounds "9"]
[EventCountry "GER"]
[SourceTitle "EXT 2002"]
[Source "ChessBase"]
[SourceDate "2001.11.25"]
[SourceVersion "1"]
[SourceVersionDate "2001.11.25"]
[SourceQuality "1"]
[WhiteTeam "Neukloster II"]
[BlackTeam "Hamburg Schachfreunde"]
[WhiteTeamCountry "GER"]
[BlackTeamCountry "GER"]

1. e4 Nf6 2. Nc3 d5 3. e5 Nfd7 4. f4 c5 5. Nf3 e6 6. g3 Be7 7. Bg2 Nc6 8. 0-0 0-0 9. d3 a6 10. Ne2 Qc7 11. g4 f6 12. exf6 Nxf6 13. h3 Bd6 14. Nh4 Ne7 15. c3 e5 16. f5 e4 17. Nf4 exd3 18. Qxd3 c4 19. Qf3 Qb6+ 20. Kh1 Bxf4 21. Qxf4 Bd7 22. Rb1 Ne4 23. Be3 Qf6 24. g5 Qf7 25. Bxe4 dxe4 26. Bc5 Nd5 27. Qf2 e3 28. Bxe3 Nxe3 29. Qxe3 Rfe8 30. Qd4 Bc6+ 31. Kh2 Re4 32. Qf2 Qh5 33. Ng2 Re2 0-1

[Event "Oberliga Nord N 0001"]
[Site "Germany"]
[Date "2000.??.??"]
[Round "?"]
[White "Jaster, Robert"]
[Black "Wanzek, Daniel"]
[Result "0-1"]
[WhiteElo "2250"]
[BlackElo "2105"]
[PlyCount "120"]
[EventDate "2000.10.??"]
[EventType "team"]
[EventRounds "9"]
[EventCountry "GER"]
[SourceTitle "EXT 2004"]
[Source "ChessBase"]
[SourceDate "2003.11.25"]
[SourceVersion "1"]
[SourceVersionDate "2003.11.25"]
[SourceQuality "1"]

1. d4 d5 2. c4 Nc6 3. Nf3 e5 4. dxe5 Bb4+ 5. Nbd2 dxc4 6. Qc2 Be6 7. a3 Ba5 8. e3 b5 9. b3 Qd5 10. bxc4 bxc4 11. Be2 Nxe5 12. 0-0 c3 13. Nb1 Nf6 14. Nxc3 Qb3 15. Qxb3 Bxb3 16. Rb1 Bc2 17. Rb5 Bxc3 18. Nxe5 0-0 19. Bb2 Bxb2 20. Rxb2 Be4 21. Rc1 Rfe8 22. Nc6 Re6 23. Nd4 Rb6 24. Rxb6 cxb6 25. Ba6 Ne8 26. f3 Bd5 27. e4 Ba2 28. Kf2 f6 29. Ke3 Kf8 30. Nb5 Rd8 31. f4 Rd7 32. Rc8 Ke7 33. Ra8 Bc4 34. e5 Rd3+ 35. Kf2 Rd7 36. h3 Bxb5 37. Bxb5 Nc7 38. Bxd7 Nxa8 39. Bf5 g6 40. Be4 Nc7 41. exf6+ Kxf6 42. Bd3 b5 43. Ke3 b4 44. a4 Nd5+ 45. Kd4 Nxf4 46. Be4 a5 47. Kc5 Ke5 48. Bc2 Ne6+ 49. Kb6 Nd4 50. Bb1 Kd5 51. Kxa5 Kc5 52. Ka6 b3 53. a5 Nc6 54. Be4 b2 55. Bb1 Kb4 56. Kb6 Nxa5 57. Kc7 Kb3 58. Kd7 Nc4 59. Ke7 Na3 60. Be4 Nc2 0-1

[Event "Oberliga Nord N 0001"]
[Site "Germany"]
[Date "2000.??.??"]
[Round "?"]
[White "Wanzek, Daniel"]
[Black "Groeppel, Peter"]
[Result "1-0"]
[WhiteElo "2105"]
[BlackElo "2170"]
[PlyCount "61"]
[EventDate "2000.10.??"]
[EventType "team"]
[EventRounds "9"]
[EventCountry "GER"]
[SourceTitle "EXT 2004"]
[Source "ChessBase"]
[SourceDate "2003.11.25"]
[SourceVersion "1"]
[SourceVersionDate "2003.11.25"]
[SourceQuality "1"]

1. e4 c5 2. Nc3 Nc6 3. g3 g6 4. d3 d6 5. Be3 Rb8 6. Bg2 Bg7 7. Qd2 b5 8. f4 b4 9. Nd1 Bd7 10. Nf3 Nf6 11. h3 Qc8 12. g4 c4 13. 0-0 Qa6 14. Nf2 0-0 15. d4 Rfc8 16. b3 Be8 17. d5 Nd8 18. e5 Nd7 19. Bd4 dxe5 20. fxe5 e6 21. Ne4 c3 22. Qf2 Nb7 23. dxe6 Qxe6 24. Nfg5 Qe7 25. Nf6+ Bxf6 26. exf6 Qd6 27. Bxa7 h6 28. Ne4 Qa6 29. Bxb8 Rxb8 30. Qh4 Nf8 31. Qxh6 1-0

[Event "Oberliga Nord N 9900"]
[Site "Germany"]
[Date "2000.??.??"]
[Round "?"]
[White "Wanzek, Daniel"]
[Black "Kluth, Carsten"]
[Result "1/2-1/2"]
[WhiteElo "2095"]
[BlackElo "2170"]
[PlyCount "94"]
[EventDate "1999.10.??"]
[EventType "team"]
[EventRounds "9"]
[EventCountry "GER"]
[SourceTitle "EXT 2001"]
[Source "ChessBase"]
[SourceDate "2000.11.22"]
[SourceVersion "1"]
[SourceVersionDate "2000.11.22"]
[SourceQuality "1"]

1. e4 c5 2. Nc3 Nc6 3. g3 g6 4. d3 Bg7 5. Be3 d6 6. Bg2 e5 7. Qd2 Be6 8. Nf3 f6 9. 0-0 Nge7 10. Ne2 0-0 11. c3 Qa5 12. a3 d5 13. b4 cxb4 14. axb4 Qc7 15. Rfb1 Rfd8 16. b5 dxe4 17. bxc6 Nxc6 18. Ne1 exd3 19. Nxd3 Bc4 20. Nec1 Qd7 21. Nb2 Qxd2 22. Bxd2 Be6 23. Nbd3 Bf5 24. Rxb7 Rac8 25. Bxc6 Rxc6 26. Nb4 Rcd6 27. Nb3 Be4 28. Rbxa7 Bf3 29. R7a2 Bh6 30. Kf1 Bxd2 31. Nxd2 Rxd2 32. Rxd2 Rxd2 33. Ke1 Re2+ 34. Kf1 Rb2 35. Rc1 Kf7 36. h3 Ke6 37. Ke1 Re2+ 38. Kf1 Rb2 39. Ke1 g5 40. Nd3 Re2+ 41. Kf1 Rd2 42. Nb4 Kd6 43. c4 Kc5 44. Na6+ Kc6 45. Nb4+ Kc5 46. Na6+ Kc6 47. Nb4+ Kc5 1/2-1/2

[Event "Oberliga Nord N 9900"]
[Site "Germany"]
[Date "2000.??.??"]
[Round "?"]
[White "Wanzek, Daniel"]
[Black "Willsch, Matthias"]
[Result "0-1"]
[WhiteElo "2095"]
[BlackElo "2280"]
[PlyCount "53"]
[EventDate "1999.10.??"]
[EventType "team"]
[EventRounds "9"]
[EventCountry "GER"]
[SourceTitle "EXT 2001"]
[Source "ChessBase"]
[SourceDate "2000.11.22"]
[SourceVersion "1"]
[SourceVersionDate "2000.11.22"]
[SourceQuality "1"]

1. e4 e6 2. d4 d5 3. e5 c5 4. Qg4 Qa5+ 5. Bd2 Qb6 6. Nc3 Nh6 7. Qh3 Nf5 8. Bd3 g6 9. dxc5 Bxc5 10. Na4 Bxf2+ 11. Ke2 Qd4 12. Nf3 Qxa4 13. Kxf2 Nd7 14. g4 Ne7 15. b3 Qa3 16. b4 Nc6 17. Rhb1 a5 18. Rb3 Qa4 19. Qh6 Nxb4 20. Be2 Nc6 21. Qg7 Rf8 22. Kg3 Nd4 23. Nxd4 Qxd4 24. Bb5 Qxa1 25. Bh6 Qg1+ 26. Kf4 Qc5 27. Qxh7 0-1

[Event "GER-chT Universities"]
[Site "Germany"]
[Date "1999.??.??"]
[Round "1"]
[White "Muench, Ingo"]
[Black "Wanzek, Daniel"]
[Result "1-0"]
[WhiteElo "2185"]
[BlackElo "2095"]
[PlyCount "91"]
[EventDate "1999.05.??"]
[EventType "team"]
[EventRounds "6"]
[EventCountry "GER"]
[SourceTitle "EXT 2003"]
[Source "ChessBase"]
[SourceDate "2002.11.25"]
[SourceVersion "1"]
[SourceVersionDate "2002.11.25"]
[SourceQuality "1"]

1. e4 d5 2. exd5 Qxd5 3. Nc3 Qa5 4. d4 Nf6 5. Bd2 Bg4 6. Nf3 Qf5 7. Bd3 Qd7 8. h3 Bh5 9. Qe2 Nc6 10. g4 Bg6 11. Bb5 Nd5 12. Ne4 Bxe4 13. Qxe4 Nf6 14. Qe2 a6 15. Ne5 Qd5 16. Bxc6+ bxc6 17. Qf3 Ne4 18. Be3 Nd6 19. b3 e6 20. c4 Qxf3 21. Nxf3 f6 22. Ke2 Kf7 23. Bf4 Be7 24. Rae1 a5 25. Kd3 a4 26. b4 a3 27. Rb1 Rhb8 28. Rb3 Ra4 29. Rhb1 Kg6 30. Ne1 Ne8 31. c5 Rd8 32. Kc4 Rd5 33. Nc2 e5 34. Be3 f5 35. gxf5+ Kxf5 36. dxe5 Kxe5 37. Bd4+ Ke6 38. Re1+ Kf7 39. Rbe3 Rd7 40. Rxa3 Rxa3 41. Nxa3 Bf6 42. Nc2 Rd5 43. a4 Rf5 44. a5 Rd5 45. Bxf6 Nxf6 46. Nd4 1-0

[Event "Oberliga Ost-A 9899"]
[Site "Germany"]
[Date "1999.??.??"]
[Round "?"]
[White "Wanzek, Daniel"]
[Black "Prochnow, Mario"]
[Result "0-1"]
[WhiteElo "2095"]
[BlackElo "2230"]
[PlyCount "43"]
[EventDate "1998.10.??"]
[EventType "team"]
[EventRounds "11"]
[EventCountry "GER"]
[SourceTitle "EXT 2000"]
[Source "ChessBase"]
[SourceDate "1999.11.16"]
[SourceVersion "1"]
[SourceVersionDate "1999.11.16"]
[SourceQuality "1"]

1. e4 c5 2. Nc3 e6 3. g3 Nc6 4. Bg2 g6 5. d3 Bg7 6. Be3 d6 7. Qd2 Qb6 8. Nd1 Nf6 9. Bh6 Bxh6 10. Qxh6 Bd7 11. Qg5 Ke7 12. Ne2 h6 13. Qd2 h5 14. Qg5 h4 15. Nf4 hxg3 16. fxg3 c4 17. Nc3 Qxb2 18. Kd2 Nb4 19. Rhc1 Rac8 20. Rab1 Qa3 21. d4 Rxh2 22. e5 0-1

[Event "Oberliga Nord N 9900"]
[Site "Germany"]
[Date "1999.??.??"]
[Round "?"]
[White "Wanzek, Daniel"]
[Black "Schulze, Sven"]
[Result "1/2-1/2"]
[WhiteElo "2095"]
[BlackElo "2210"]
[PlyCount "94"]
[EventDate "1999.10.??"]
[EventType "team"]
[EventRounds "9"]
[EventCountry "GER"]
[SourceTitle "EXT 2001"]
[Source "ChessBase"]
[SourceDate "2000.11.22"]
[SourceVersion "1"]
[SourceVersionDate "2000.11.22"]
[SourceQuality "1"]

1. e4 e6 2. d4 d5 3. e5 c5 4. Qg4 cxd4 5. Nf3 Nc6 6. Bd3 Nge7 7. 0-0 Ng6 8. Re1 Qc7 9. Qg3 f5 10. h4 Bd7 11. a3 Nge7 12. h5 h6 13. b4 Rg8 14. b5 Na5 15. Nh4 0-0-0 16. Ng6 Nxg6 17. hxg6 Nc4 18. a4 Bb4 19. Re2 Kb8 20. Bf4 Rgf8 21. Nd2 Bxd2 22. Rxd2 Nxd2 23. Bxd2 Rc8 24. Bb4 Qd8 25. Bd6+ Ka8 26. Bxf8 Qxf8 27. Qf4 Qc5 28. Qd2 Qc3 29. Qc1 Be8 30. Ra3 Qc7 31. a5 Qxe5 32. b6 Rc3 33. a6 axb6 34. axb7+ Kxb7 35. Qa1 Rxa3 36. Qxa3 Bc6 37. Qe7+ Qc7 38. Qa3 Qd7 39. Qa6+ Kc7 40. Qa7+ Kd6 41. Qxb6 e5 42. Qb8+ Ke6 43. f4 exf4 44. Qxf4 Kf6 45. g4 Qe6 46. Qxd4+ Qe5 47. Qb6 Qe1+ 1/2-1/2